| 000 | 01357cam a22002653a 4500 | ||
|---|---|---|---|
| 001 | 3379 | ||
| 003 | PGUSA | ||
| 005 | 20140828083031.0 | ||
| 008 | 041022s2004||||xxu|||||s|||||000 1 eng d | ||
| 040 |
_aPGUSA _beng |
||
| 042 | _adc | ||
| 050 | 4 | _aPN | |
| 100 | 1 |
_aHowells, William Dean, _d1837-1920 |
|
| 245 | 1 | 0 |
_aShort Stories and Essays (from Literature and Life) _h[electronic resource] / _cWilliam Dean Howells |
| 260 |
_bProject Gutenberg, _c2004 |
||
| 505 | 0 | _aWorries of a Winter Walk -- Summer Isles of Eden -- Wild Flowers of the Asphalt -- A Circus in the Suburbs -- A She Hamlet -- The Midnight Platoon -- The Beach at Rockaway -- Sawdust in the Arena -- At a Dime Museum -- American Literature in Exile -- The Horse Show -- The Problem of the Summer -- Aesthetic New York Fifty-odd Years Ago -- From New York into New England -- The Art of the Adsmith -- The Psychology of Plagiarism -- Puritanism in American Fiction -- The What and How in Art -- Politics in American Authors Storage -- "Floating down the River on the O-hi-o". | |
| 506 | _aPublic domain in the USA. | ||
| 516 | _aElectronic text | ||
| 653 | _aCriticism | ||
| 653 | _aFiction -- History and criticism | ||
| 653 | _aAmerican fiction -- History and criticism | ||
| 830 | 0 |
_aProject Gutenberg _v3379 |
|
| 856 | 4 | 0 | _uhttp://www.gutenberg.org/ebooks/3379 |
| 942 | _cEB | ||
| 999 |
_c232708 _d232708 |
||